000 00302nam a2200109Ia 4500
008 190912s9999||||xx |||||||||||||| ||und||
100 _aEugene Diulio
245 0 _aSchaum's Outline Series Theory and Problems of Macroeconomic
260 _aNew York
_bTata McGraw Hill
_c2003
300 _a290
942 _cBK
999 _c7820
_d7820